000
00293nam a22001217a 4500
020
_a
Na
082
_2
22
_a
338.954
100
_a
NA
245
_a
HS 801 enterprenurship development:
_b
310 /
260
_a
New Delhi,
_b
Khanna Publishers,
_c
NA
300
_a
96 p. ;
_b
ill. ;
_c
29 cm.
942
_2
ddc
_c
MAG
999
_c
307
_d
307